Relaciones humanas en la empresa / (Record no. 89858)

MARC details
000 -LEADER
campo de control de longitud fija 00528nam a2200169 i 4500
001 - NÚMERO DE CONTROL
campo de control 89858
003 - IDENTIFICADOR DE NÚMERO DE CONTROL
campo de control ES-MaACL
005 - FECHA Y HORA DE LA ÚLTIMA TRANSACCIÓN
campo de control 20230906180304.0
007 - CAMPO FIJO DE DESCRIPCIÓN FÍSICA--INFORMACIÓN GENERAL
campo de control de longitud fija t|
008 - DATOS DE LONGITUD FIJA--INFORMACIÓN GENERAL
campo de control de longitud fija 050114s1969 sp ||||1| spa d
100 1# - ENTRADA PRINCIPAL--NOMBRE DE PERSONA
Nombre de persona Latham, James L.
9 (RLIN) 70520
245 10 - MENCIÓN DEL TÍTULO
Título Relaciones humanas en la empresa /
Mención de responsabilidad, etc. James L. Latham ; [traducción y revisión, Joaquín López Veraza].
260 ## - PUBLICACIÓN, DISTRIBUCIÓN, ETC.
Lugar de publicación, distribución, etc. Barcelona :
Nombre del editor, distribuidor, etc. Sagitario,
Fecha de publicación, distribución, etc. 1969.
300 ## - DESCRIPCIÓN FÍSICA
Extensión 315 p. ;
Dimensiones 22 cm.
700 1# - ENTRADA AGREGADA--NOMBRE PERSONAL
Nombre de persona López Veraza, Joaquín.
9 (RLIN) 74023
852 ## - LOCALIZACIÓN
Ubicación ES-MaACL
Número de control de estantería C-38536
Sublocalización o colección R.69979
Holdings
Estatus retirado Estado de pérdida Estado de daño No para préstamo Biblioteca de origen Biblioteca actual Ubicación en estantería Fecha de adquisición Fuente de adquisición Total de préstamos Signatura topográfica completa Código de barras Visto por última vez Precio de reemplazo Tipo de ítem Koha
        Biblioteca del Ateneo de Madrid Biblioteca del Ateneo de Madrid Depósito 2 17/01/2008     C-38536 1093841 23/02/2023 23/02/2023 Libro impreso